Géographie de l'Afrique - Statistiques

Statistiques générales
  • Ce quiz a été pris 555 fois
  • Le résultat moyen est 12 sur 15
Statistiques - réponses
Indice Réponse % Correct
Quel désert est le plus vaste désert de sable au monde? Sahara
98%
Sur quel océan se situe l'île de Madagascar? Océan Indien
96%
Quel canal égyptien sépare la mer Méditerranéenne de la mer Rouge? Canal de Suez
91%
Quelle montagne tanzanienne est la plus haute d'Afrique? Mont Kilimandjaro
90%
Quelle est la plus longue rivière du monde? Nil
90%
Quel pays est entouré de tous les bords par l'Afrique du Sud? Lesotho
88%
Quelle chaîne de montagnes ,s'étendant du Maroc jusqu'à la Tunisie, porte le même nom qu'un recueil de cartes géographiques? Atlas
87%
Quelle nation , bordée par l'Afrique du Sud et le Mozambique, a changé son nom en 2018? Eswatini
82%
Quel lac , partagé par trois pays, est le plus vaste d'Afrique? Lac Victoria
75%
Quelle rivière du Congo donna son nom à une maladie contagieuse qui tua des centaines de milliers de gens en 2014? Rivière Ebola
67%
Par quel nom refère-t-on les nations de l'Afrique du Nord-Ouest? Maghreb
66%
Quelle île tanzanienne s'est jointe à Tanganyika pour former la Tanzanie? Zanzibar
64%
Quel pays est le plus récent à avoir joint l'ONU? Soudan du Sud
62%
Quelle montagne , qui donna son nom dans le pays où elle est située, est la seconde plus haute d'Afrique? Mont Kenya
50%
Quelle région à l'ouest du Soudan fut le théâtre de plusieurs conflits violents entre certains groupes ethniques? Darfour
48%
Aucun quiz correspondant
Distribution des résultats
% des personnes avec chaque résultat
Percentile par nombre de réponses
Votre historique - résultats
Vous n’avez pas pris ce quiz